<?xml version="1.0" encoding="UTF-8"?>
<record
    xmlns:xsi="http://www.w3.org/2001/XMLSchema-instance"
    xsi:schemaLocation="http://www.loc.gov/MARC21/slim http://www.loc.gov/standards/marcxml/schema/MARC21slim.xsd"
    xmlns="http://www.loc.gov/MARC21/slim">

  <leader>00449nam a2200169   4500</leader>
  <controlfield tag="003">SEACOMEC</controlfield>
  <controlfield tag="005">20250116122020.0</controlfield>
  <controlfield tag="008">240206b        |||||||| |||| 00| 0 eng d</controlfield>
  <datafield tag="020" ind1=" " ind2=" ">
    <subfield code="c">Rs.350.00</subfield>
    <subfield code="a">0074624008</subfield>
  </datafield>
  <datafield tag="040" ind1=" " ind2=" ">
    <subfield code="a">SEACOMEC</subfield>
  </datafield>
  <datafield tag="082" ind1=" " ind2=" ">
    <subfield code="a">621.3178</subfield>
    <subfield code="b">S474</subfield>
  </datafield>
  <datafield tag="100" ind1=" " ind2=" ">
    <subfield code="a">Sen,P.C.</subfield>
  </datafield>
  <datafield tag="245" ind1="1" ind2=" ">
    <subfield code="a">Power electronics /</subfield>
    <subfield code="c">P.C. Sen</subfield>
  </datafield>
  <datafield tag="260" ind1=" " ind2=" ">
    <subfield code="a">New Delhi</subfield>
    <subfield code="b">Tata McGraw Hill</subfield>
    <subfield code="c">2003</subfield>
  </datafield>
  <datafield tag="650" ind1=" " ind2=" ">
    <subfield code="a">Technology, transmission of electric power</subfield>
  </datafield>
  <datafield tag="942" ind1=" " ind2=" ">
    <subfield code="c">BOOK</subfield>
  </datafield>
  <datafield tag="952" ind1=" " ind2=" ">
    <subfield code="0">0</subfield>
    <subfield code="1">0</subfield>
    <subfield code="2">ddc</subfield>
    <subfield code="4">0</subfield>
    <subfield code="7">0</subfield>
    <subfield code="a">SEACOMEC</subfield>
    <subfield code="b">SEACOMEC</subfield>
    <subfield code="d">2006-06-06</subfield>
    <subfield code="l">0</subfield>
    <subfield code="o">621.3178 S474</subfield>
    <subfield code="p">02189</subfield>
    <subfield code="r">2024-02-06 15:25:56</subfield>
    <subfield code="w">2024-02-06</subfield>
    <subfield code="y">BOOK</subfield>
  </datafield>
  <datafield tag="952" ind1=" " ind2=" ">
    <subfield code="0">0</subfield>
    <subfield code="1">0</subfield>
    <subfield code="2">ddc</subfield>
    <subfield code="4">0</subfield>
    <subfield code="7">0</subfield>
    <subfield code="a">SEACOMEC</subfield>
    <subfield code="b">SEACOMEC</subfield>
    <subfield code="d">2006-06-06</subfield>
    <subfield code="l">0</subfield>
    <subfield code="o">621.3178 S474</subfield>
    <subfield code="p">02190</subfield>
    <subfield code="r">2025-01-16 12:17:22</subfield>
    <subfield code="t">1</subfield>
    <subfield code="w">2025-01-16</subfield>
    <subfield code="y">BOOK</subfield>
  </datafield>
  <datafield tag="952" ind1=" " ind2=" ">
    <subfield code="0">0</subfield>
    <subfield code="1">0</subfield>
    <subfield code="2">ddc</subfield>
    <subfield code="4">0</subfield>
    <subfield code="7">0</subfield>
    <subfield code="a">SEACOMEC</subfield>
    <subfield code="b">SEACOMEC</subfield>
    <subfield code="d">2006-06-06</subfield>
    <subfield code="l">0</subfield>
    <subfield code="o">621.3178 S474</subfield>
    <subfield code="p">02191</subfield>
    <subfield code="r">2025-01-16 12:17:22</subfield>
    <subfield code="t">2</subfield>
    <subfield code="w">2025-01-16</subfield>
    <subfield code="y">BOOK</subfield>
  </datafield>
  <datafield tag="952" ind1=" " ind2=" ">
    <subfield code="0">0</subfield>
    <subfield code="1">0</subfield>
    <subfield code="2">ddc</subfield>
    <subfield code="4">0</subfield>
    <subfield code="7">0</subfield>
    <subfield code="a">SEACOMEC</subfield>
    <subfield code="b">SEACOMEC</subfield>
    <subfield code="d">2006-06-06</subfield>
    <subfield code="l">0</subfield>
    <subfield code="o">621.3178 S474</subfield>
    <subfield code="p">02192</subfield>
    <subfield code="r">2025-01-16 12:17:22</subfield>
    <subfield code="t">3</subfield>
    <subfield code="w">2025-01-16</subfield>
    <subfield code="y">BOOK</subfield>
  </datafield>
  <datafield tag="952" ind1=" " ind2=" ">
    <subfield code="0">0</subfield>
    <subfield code="1">0</subfield>
    <subfield code="2">ddc</subfield>
    <subfield code="4">0</subfield>
    <subfield code="7">0</subfield>
    <subfield code="a">SEACOMEC</subfield>
    <subfield code="b">SEACOMEC</subfield>
    <subfield code="d">2006-06-06</subfield>
    <subfield code="l">0</subfield>
    <subfield code="o">621.3178 S474</subfield>
    <subfield code="p">02193</subfield>
    <subfield code="r">2025-01-16 12:17:22</subfield>
    <subfield code="t">4</subfield>
    <subfield code="w">2025-01-16</subfield>
    <subfield code="y">BOOK</subfield>
  </datafield>
  <datafield tag="952" ind1=" " ind2=" ">
    <subfield code="0">0</subfield>
    <subfield code="1">0</subfield>
    <subfield code="2">ddc</subfield>
    <subfield code="4">0</subfield>
    <subfield code="7">0</subfield>
    <subfield code="a">SEACOMEC</subfield>
    <subfield code="b">SEACOMEC</subfield>
    <subfield code="d">2006-06-06</subfield>
    <subfield code="l">0</subfield>
    <subfield code="o">621.3178 S474</subfield>
    <subfield code="p">02194</subfield>
    <subfield code="r">2025-01-16 12:17:22</subfield>
    <subfield code="t">5</subfield>
    <subfield code="w">2025-01-16</subfield>
    <subfield code="y">BOOK</subfield>
  </datafield>
  <datafield tag="952" ind1=" " ind2=" ">
    <subfield code="0">0</subfield>
    <subfield code="1">0</subfield>
    <subfield code="2">ddc</subfield>
    <subfield code="4">0</subfield>
    <subfield code="7">0</subfield>
    <subfield code="a">SEACOMEC</subfield>
    <subfield code="b">SEACOMEC</subfield>
    <subfield code="d">2028-08-22</subfield>
    <subfield code="l">0</subfield>
    <subfield code="o">621.3178 S474</subfield>
    <subfield code="p">11772</subfield>
    <subfield code="r">2025-01-16 12:18:09</subfield>
    <subfield code="t">6</subfield>
    <subfield code="w">2025-01-16</subfield>
    <subfield code="y">BOOK</subfield>
  </datafield>
  <datafield tag="952" ind1=" " ind2=" ">
    <subfield code="0">0</subfield>
    <subfield code="1">0</subfield>
    <subfield code="2">ddc</subfield>
    <subfield code="4">0</subfield>
    <subfield code="7">0</subfield>
    <subfield code="a">SEACOMEC</subfield>
    <subfield code="b">SEACOMEC</subfield>
    <subfield code="d">2028-08-22</subfield>
    <subfield code="l">0</subfield>
    <subfield code="o">621.3178 S474</subfield>
    <subfield code="p">11773</subfield>
    <subfield code="r">2025-01-16 12:18:09</subfield>
    <subfield code="t">7</subfield>
    <subfield code="w">2025-01-16</subfield>
    <subfield code="y">BOOK</subfield>
  </datafield>
  <datafield tag="952" ind1=" " ind2=" ">
    <subfield code="0">0</subfield>
    <subfield code="1">0</subfield>
    <subfield code="2">ddc</subfield>
    <subfield code="4">0</subfield>
    <subfield code="7">0</subfield>
    <subfield code="a">SEACOMEC</subfield>
    <subfield code="b">SEACOMEC</subfield>
    <subfield code="d">2028-08-22</subfield>
    <subfield code="l">0</subfield>
    <subfield code="o">621.3178 S474</subfield>
    <subfield code="p">11774</subfield>
    <subfield code="r">2025-01-16 12:18:09</subfield>
    <subfield code="t">8</subfield>
    <subfield code="w">2025-01-16</subfield>
    <subfield code="y">BOOK</subfield>
  </datafield>
  <datafield tag="952" ind1=" " ind2=" ">
    <subfield code="0">0</subfield>
    <subfield code="1">0</subfield>
    <subfield code="2">ddc</subfield>
    <subfield code="4">0</subfield>
    <subfield code="7">0</subfield>
    <subfield code="a">SEACOMEC</subfield>
    <subfield code="b">SEACOMEC</subfield>
    <subfield code="d">2028-08-22</subfield>
    <subfield code="l">0</subfield>
    <subfield code="o">621.3178 S474</subfield>
    <subfield code="p">11775</subfield>
    <subfield code="r">2025-01-16 12:18:09</subfield>
    <subfield code="t">9</subfield>
    <subfield code="w">2025-01-16</subfield>
    <subfield code="y">BOOK</subfield>
  </datafield>
  <datafield tag="952" ind1=" " ind2=" ">
    <subfield code="0">0</subfield>
    <subfield code="1">0</subfield>
    <subfield code="2">ddc</subfield>
    <subfield code="4">0</subfield>
    <subfield code="7">0</subfield>
    <subfield code="a">SEACOMEC</subfield>
    <subfield code="b">SEACOMEC</subfield>
    <subfield code="d">2028-08-22</subfield>
    <subfield code="l">0</subfield>
    <subfield code="o">621.3178 S474</subfield>
    <subfield code="p">11776</subfield>
    <subfield code="r">2025-01-16 12:18:09</subfield>
    <subfield code="t">10</subfield>
    <subfield code="w">2025-01-16</subfield>
    <subfield code="y">BOOK</subfield>
  </datafield>
  <datafield tag="999" ind1=" " ind2=" ">
    <subfield code="c">589</subfield>
    <subfield code="d">589</subfield>
  </datafield>
</record>
